| Tag |
First Indicator |
Second Indicator |
Subfields |
| LEADER |
00000cam a2200000Ia 4500 |
| 001 |
in00001683721 |
| 005 |
20151024135244.0 |
| 008 |
010716s2001 paua j 000 0 eng d |
| 020 |
|
|
|a 1563978911 (hc)
|
| 035 |
|
|
|a (OCoLC)ocm47353325
|
| 040 |
|
|
|a SDS
|c SDS
|d GZI
|d TXA
|d UtOrBLW
|
| 043 |
|
|
|a n-us-ok
|a n-us---
|
| 049 |
|
|
|a TXAM
|
| 090 |
|
|
|a SF401.A45
|b .W35 2001
|
| 100 |
1 |
|
|a Waldman, Neil.
|
| 245 |
1 |
0 |
|a They came from the Bronx :
|b how the buffalo were saved from extinction /
|c Neil Waldman.
|
| 250 |
|
|
|a 1st ed.
|
| 264 |
|
1 |
|a Honesdale, Pa. :
|b Boyd Mills Press,
|c [2001]
|
| 264 |
|
4 |
|c ©2001
|
| 300 |
|
|
|a 36 unnumbered pages :
|b color illustrations ;
|c 28 x 31 cm.
|
| 336 |
|
|
|a text
|b txt
|2 rdacontent
|
| 337 |
|
|
|a unmediated
|b n
|2 rdamedia
|
| 338 |
|
|
|a volume
|b nc
|2 rdacarrier
|
| 500 |
|
|
|a Includes attached bookmark (10 cm. diameter).
|
| 520 |
|
|
|a A Comanche grandmother and her grandson wait for the arrival of a small herd of buffalo in a story based on the efforts of the American Bison Society to reintroduce bison to Oklahoma in 1907.
|
| 586 |
|
|
|a Notable Children's Trade Books in the Field of Social Studies, 2002.
|
| 650 |
|
0 |
|a American bison
|z Oklahoma
|z History
|y 20th century
|v Juvenile literature.
|
| 610 |
2 |
0 |
|a American Bison Society.
|
| 650 |
|
0 |
|a Wildlife conservation
|z United States
|v Juvenile literature.
|
| 651 |
|
0 |
|a Oklahoma
|x History
|y 20th century
|v Juvenile literature.
|
| 948 |
|
|
|a cataloged
|b h
|c 2002/6/27
|d c
|e jspillan
|f 3:12:37 pm
|
| 994 |
|
|
|a E0
|b TXA
|
| 999 |
|
|
|a MARS
|
| 999 |
f |
f |
|s ef805e03-8754-3699-9361-a56730671bb6
|i 361b04c6-6813-32e6-a68f-4a3cb73a95de
|t 0
|
| 952 |
f |
f |
|p ric
|a Texas A&M University
|b Rellis Campus
|c Joint Library Facility
|d Remote Storage
|t 0
|e SF401.A45 .W35 2001
|h Library of Congress classification
|i unmediated -- volume
|m A14828973274
|
| 998 |
f |
f |
|a SF401.A45 .W35 2001
|t 0
|l Remote Storage
|